000 01054cad a22002295a 4500
001 E152546
008 110328s2011 xxk f 000 0 eng d
020 _a9781780451565
035 _a(Sirsi) u152546
041 0 _aeng
110 2 _aScotland
_bScottish Government
_95344
245 0 4 _aConsultation on Agricultural Holdings (Amendment) (Scotland) Bill
_bconsultation document
_h[electronic resource]
260 _aEdinburgh
_bScottish Government
_c2011
520 _aSeeks views on proposals to amend current legislation relating to agricultural leases in Scotland. Includes a draft Bill to implement the proposed changes. Deadline for comments is 30 June 2011.
590 _aKA
650 2 4 _aAGRICULTURAL HOLDINGS (SCOTLAND) ACT 1991
650 2 4 _aAGRICULTURAL HOLDINGS (SCOTLAND) ACT 2003
651 4 _aScotland
_y1999-
690 _aENVIRONMENTAL AND LAND CONSULTANCY-AGRIBUSINESS-AGRICULTURE
856 4 0 _uhttps://www.scotland.gov.uk/Publications/2011/03/18095404/0
_zView the consultation free of charge at www.scotland.gov.uk
942 _n0
999 _c112100
_d112100